Music Quiz

Random Music or Song Quiz

'90s Song Title Slot Machine Quiz Stats

Quiz Updated Aug 7, 2012

Challenge
Share
Tweet
Score 0/93 Timer 10:00
3 Plays Today
Word Song % Correct
BreakfastBreakfast At Tiffany's
96.3%
AtBreakfast At Tiffany's
96.3%
Tiffany'sBreakfast At Tiffany's
96.3%
IceIce Ice Baby
89.4%
IceIce Ice Baby
89.4%
BabyIce Ice Baby
89.4%
UnderUnder The Bridge
78.4%
TheUnder The Bridge
78.4%
BridgeUnder The Bridge
78.4%
BabyBaby Got Back
75.1%
GotBaby Got Back
75.1%
BackBaby Got Back
75.1%
ShinyShiny Happy People
60.2%
HappyShiny Happy People
60.2%
PeopleShiny Happy People
60.2%
SexSex And Candy
60%
AndSex And Candy
60%
CandySex And Candy
60%
I'mI'm Too Sexy
56.9%
SexyI'm Too Sexy
56.9%
TooI'm Too Sexy
56.9%
StepStep By Step
54.4%
ByStep By Step
54.4%
StepStep By Step
54.4%
BlackBlack Or White
52.7%
WhiteBlack Or White
52.7%
OrBlack Or White
52.7%
StealSteal My Sunshine
50.1%
MySteal My Sunshine
50.1%
SunshineSteal My Sunshine
50.1%
ReadyReady Or Not
49.6%
Word Song % Correct
OrReady Or Not
49.6%
NotReady Or Not
49.6%
II Touch Myself
46.6%
TouchI Touch Myself
46.6%
MyselfI Touch Myself
46.6%
YouI Want You
44.1%
II Want You
44.1%
WantI Want You
44.1%
She'sShe's So High
44%
SoShe's So High
44%
HighShe's So High
44%
EnjoyEnjoy The Silence
38.4%
TheEnjoy The Silence
38.4%
SilenceEnjoy The Silence
38.4%
ShowShow Me Love
36.2%
MeShow Me Love
36.2%
LoveShow Me Love
36.2%
GoneGone Till November
35.1%
TillGone Till November
35.1%
NovemberGone Till November
35.1%
BetterBetter Off Alone
34.5%
OffBetter Off Alone
34.5%
AloneBetter Off Alone
34.5%
AllAll Cried Out
33.9%
CriedAll Cried Out
33.9%
ForAll For You
33.9%
OutAll Cried Out
33.9%
AllAll For You
33.9%
YouAll For You
33.9%
CloserCloser To Free
31.7%
ToCloser To Free
31.7%
Word Song % Correct
FreeCloser To Free
31.7%
YourFree Your Mind
31%
MindFree Your Mind
31%
FreeFree Your Mind
31%
OneOne Sweet Day
30.6%
SweetOne Sweet Day
30.6%
DayOne Sweet Day
30.6%
TheThe Beautiful People
28.6%
BeautifulThe Beautiful People
28.6%
PeopleThe Beautiful People
28.6%
FollowFollow You Down
28.3%
YouFollow You Down
28.3%
DownFollow You Down
28.3%
JustJust A Girl
27.2%
AJust A Girl
27.2%
GirlJust A Girl
27.2%
WhatWhat Is Love
26.7%
IsWhat Is Love
26.7%
LoveWhat Is Love
26.7%
YouYou Gotta Be
26.6%
GottaYou Gotta Be
26.6%
BeYou Gotta Be
26.6%
It'sWhere It's At
25.4%
WhereWhere It's At
25.4%
AtWhere It's At
25.4%
RollRoll To Me
24%
ToRoll To Me
24%
MeRoll To Me
24%
BigBig Time Sensuality
19.3%
TimeBig Time Sensuality
19.3%
SensualityBig Time Sensuality
19.4%

You're not logged in!

Compare scores with friends on all Sporcle quizzes.
Sign Up with Email
OR
Log In

You Might Also Like...

Show Comments

Extras

Top Quizzes Today


Score Distribution

Your Account Isn't Verified!

In order to create a playlist on Sporcle, you need to verify the email address you used during registration. Go to your Sporcle Settings to finish the process.